00474nam a2200181Ia 450000500170000000800410001704000190005804100120007708200140008910000260010324500530012925000270018226000260020930000110023550400190024665000150026585000120028020240319133026.0131103s9999 xx 000 0 und d aLoreto College aEnglish a150 bHUR aHurlock, Elizabeth B. aDevelopmental Psychology cElizabeth B.Hurlock a A life-span approach  a[s.l.]b[s,n.]c[19?] a477p.  aIncludes index aPsychology aLCBED